LEADER 01680nam a2200349 a 4500 001 000000017557 003 CaOOAMICUS 005 20100611134849.0 008 940513s1986 be u000 u lat r 020 $a2-503-03641-4(bound) 020 $a2-503-03642-2 035 $a10409940 040 $aBAV$bita$dPUL(R)$delep 100 0 $aHermannus di Reun,$cO. Cist.,$dsec. XII.$0(OLS)http://pul/name/15780 240 10$aSermones festivales.$lLatino.$0(OLS)http://pul/title/25123 245 10$aHermanni de Runa, O. Cist., Sermones festivales e Codice Runensi /$cedidit Edmundus Mikkers... ; iuvamen praestantibus Iosepho Theuws et Rolando Demeulenaere. 260 $aTurnholti :$bBrepols,$c1986. 300 $axxv, 605 p. ;$c25 cm 490 1 $aCorpus Christianorum.$aContinuatio Mediaevalis ;$v64 500 $aContiene indici. 700 1 $aMikkers, Edmund,$cO.C.R.$0(OLS)http://pul/name/7246 700 1 $aTheuws, Joseph.$0(OLS)http://pul/name/15781 700 1 $aDemeulenaere, Roland.$0(OLS)http://pul/name/6 830 0$aCorpus Christianorum.$pContinuatio Mediaevalis ;$v64.$0(OLS)http://pul/title/6 850 $aPUL 852 $aPUL$W1$xSL Cons. Gen., Altre Classi 1$y1$m2008 B 1.64$j140294$nBK-PRI$qStampati$B24741$CPULBib$Z2$F24741 $H55570 $82 900 $aErmanno,$cmonaco di Reun,$dsec. XII$915780 941 1 $a8 996 $6020$a2-503-03641-4(bound)$9(OLS)http://pul/number/22626 996 $6020$a2-503-03642-2$9(OLS)http://pul/number/22627 996 $6245$aHermanni de Runa, O. Cist., Sermones festivales e Codice Runensi$9(OLS)http://pul/title/25124 996 $6260$aTurnholti :$bBrepols$9(OLS)http://pul/publisher/47842 LEADER 01562nam a2200325 u 4500 001 000000012089 003 CaOOAMICUS 005 20070226105510.0 008 941010s1962 it u000 u ita u 035 $a10293197 040 $aPUL$bita 100 1 $aStaffa, Dino,$ccard.,$d1906-1977.$0(OLS)http://pul/name/11569 245 12$aI cattolici italiani e la libertà della scuola /$c[scritti di Dino Staffa, Antonio Marongiu, Aldo Agazzi ; presentazione di S. E. Card. G. B. Montini]. 260 $aMilano :$bVita e pensiero,$c1962. 300 $a83 p. ;$c23 cm 504 $aIncludes bibliographical references. 610 20$aCatholic Church$xEducation$zItaly.$2//eng$0(OLS)http://pul/subject/9096 650 4$aEducazione$xAspetti morali e religiosi.$0(OLS)http://pul/subject/651 700 0 $aPaulus PP.$bVI,$cs.,$d1897-1978.$0(OLS)http://pul/name/1432 700 1 $aAgazzi, Aldo.$0(OLS)http://pul/name/11571 700 1 $aMarongiu, Antonio,$d1902-$0(OLS)http://pul/name/11570 850 $aPUL 852 $aPUL$W1$xDP1 Fondo Pastorale$y55$mP5 C 47$j17090$nBK-PRI$b $qFondi$B17090$CPULBib$Z2$F17090 $H $81 900 $aMontini, Giovanni Battista,$cs.,$d1897-1978$91432 900 $aPaolo$bVI,$cpapa, b.,$d1897-1978$91432 910 $aPapi (1963-1978 : Paulus PP. VI)$91432 910 $aPapi (1963-1978 : Paulus PP. VI)$91432 941 1 $a1 996 $6245$aI cattolici italiani e la libertà della scuola$9(OLS)http://pul/title/17514 996 $6260$aMilano :$bVita e pensiero$9(OLS)http://pul/publisher/48016